1177 1450 1863 1218 1843 1779 1813 1715 1026 1456 1177 1000 1190 1968 1422 1318 1561 1131 1456 1508 1570 1169 1109 1310 1511 1673 1297 1424 1588 1362 1991 1609 1448 1975 1089 1203 1769 1041 1256 1013 1117 1456 1360 1904 1271 1957 1946 1812 1305 1298 1268 1054 1873 1916 1448 1897 1616 1981 1232 1923 1149 1766 1445 1488 1364 1145 1287 1670 1296 1289 1515 1309 1538 1105 1174 1274 1908 1418 1617 1103 1692 1613 1449 1138 1869 1490 1613 1514 1089 1921 1647 1586 1233 1907 1910 1831 1258 1580 1728 BCNSPRNW ULIB Ver.6.0+V

เปลี่ยนเป็นภาษาไทย

Change to English
 แสดงรายละเอียดบรรณานุกรม
  กลับหน้าหลัก

Brief Record : Get Marc (ISO 2709) : E-mail record : QR code < ปิดหน้าต่าง
LEADER : 00000nam 2200000uu 4500
001    13399127119
003     ULIB
008    191016s2017||||th 000 0 tha d
020    ^a9781316640050 (pbk.)
050  4 ^aPE1128^bM664
245 00 ^aMindset for IELTS :^ban official Cambridge IELTS course.^nStudent s book 1 /^cGreg Archer ... [et al.]
246 30 ^aCambridge English.^pMindset for IELTS :^ban officialCambridge IELTS course.^nStudent s book 1
250    ^a1st ed.
260    ^a[Cambridge] :^bCambridge University Press,^c2017
300    ^a189 p. :^bcol. ill. ;^c28 cm.
650  0 ^aEnglish language^vTextbooks for foreign speakers
650  0 ^aEnglish language^vExaminations, questions, etc.
650  0 ^aEnglish language^xExaminations
650  0 ^aInternational English Language Testing System
653    ^aIELTS
700 1  ^aArcher, Greg
945    ^p849^l0^i006309
999    ^aประนอม เกษจรัล
รายการนี้ยังไม่มีแท็ก
คุณยังไม่ได้ล็อกอิน คุณสามารถมีกิจกรรมร่วมกับเว็บไซต์ได้ แต่ต้องล็อกอินก่อน ::
  ล็อกอิน

รายการสื่อสารสนเทศ

ลำดับที่ ประเภท เลขเรียก/บาร์โค้ด สถานที่ สถานะ
1. การศึกษาทั่วไป
การศึกษาทั่วไป
PE1128 M664 ฉ.1 
  Barcode: 006309
ห้องสมุดวิทยาเขตสวรรค์ประชารักษ์
►หนังสือทั่วไป
บนชั้น

รายการใกล้เคียง
    หัวเรื่อง [International English Language Testing System]

BibComment


ยังไม่เคยถูกคอมเมนท์

คอมเมนท์ทรัพยากรรายการนี้
  คอมเมนท์: Mindset for IELT..


 Copyright 2026. Bcnsprnw @Library